Random National Flags of Africa - Statistics

General Stats
  • This quiz has been taken 837 times
  • The average score is 13 of 15
Answer Stats
Picture Answer % Correct
Egypt
100%
Morocco
98%
South Africa
98%
Tunisia
98%
Ivory Coast
96%
Angola
94%
D. R. Congo
94%
Nigeria
94%
Chad
93%
Eswatini
93%
Ethiopia
93%
Kenya
93%
Niger
93%
Lesotho
92%
Mauritania
92%
Uganda
92%
Seychelles
91%
South Sudan
90%
Sudan
90%
Algeria
89%
Botswana
89%
Ghana
88%
Malawi
88%
Somalia
88%
Tanzania
88%
Libya
87%
Liberia
86%
Comoros
85%
Zambia
85%
Mozambique
84%
Republic of the Congo
84%
Senegal
84%
Zimbabwe
84%
Benin
83%
Cameroon
82%
Central African Republic
81%
Madagascar
81%
Mali
81%
Mauritius
80%
Rwanda
80%
Eritrea
79%
Cape Verde
78%
Djibouti
78%
Burundi
77%
Gabon
76%
São Tomé and Príncipe
76%
Guinea
75%
Namibia
75%
Togo
75%
Sierra Leone
73%
Equatorial Guinea
72%
Gambia
68%
Guinea-Bissau
67%
Burkina Faso
65%
No matching quizzes found
Score Distribution
Percent of People with Each Score
Percentile by Number Answered
Your Score History
You have not taken this quiz